000 00502nam a2200121Ia 4500
008 220616s9999||||xx |||||||||||||| ||und||
100 _aS. Ramakrishnan
245 0 _aPattern Recognition - Analysis and Applications
546 _aEnglish[eng]
650 _aPhysical Sciences||Engineering and Technology||Computer and Information Science||Artificial Intelligence||Machine Learning and Data Mining
856 _uhttps://www.intechopen.com/books/pattern-recognition-analysis-and-applications
942 _cEB
999 _c19376
_d19376